| 000 | 00932nam a2200229Ia 4500 | ||
|---|---|---|---|
| 001 | 17038 | ||
| 003 | GE_BSU | ||
| 008 | 181216s||||||||xx |||||||||||||| ||und|| | ||
| 040 | _cGE_BSU | ||
| 080 | _a821.161.1-1 | ||
| 100 | _aნადირაძე, კოლაუ (1895-1990) | ||
| 245 | _aთარგმანები. | ||
| 245 | _bრუსი და უკრაინული პოეტების პოეტების რჩეული ნაწარმოებები | ||
| 245 | _cრედ. ა. ადამია. | ||
| 260 | _aთბილისი | ||
| 260 | _bსაბჭ. საქართველო | ||
| 260 | _c1972 | ||
| 300 | _a262გვ. ; 20სმ. | ||
| 653 | _aთარგმანები. | ||
| 653 | _aრუსი და უკრაინული პოეტების პოეტების რჩეული ნაწარმოებები | ||
| 942 | _cBK | ||
| 999 |
_c50100 _d50100 |
||